BUBT Library Online Catalog

Taxation In Bangladesh (Record no. 3281)

000 -LEADER
fixed length control field 00662nam a2200193Ia 4500
003 - CONTROL NUMBER IDENTIFIER
control field BUBTL
008 - FIXED-LENGTH DATA ELEMENTS--GENERAL INFORMATION
fixed length control field 151213s9999 xx 000 0 und d
082 ## - DEWEY DECIMAL CLASSIFICATION NUMBER
Classification number 336.25492/OWT
100 ## - MAIN ENTRY--PERSONAL NAME
Personal name মোং ওূয়ালীউল্লাহ
9 (RLIN) 3556
245 ## - TITLE STATEMENT
Title Taxation In Bangladesh
Statement of responsibility, etc. মোঃ ওয়ালীউল্লাহ
260 ## - PUBLICATION, DISTRIBUTION, ETC. (IMPRINT)
Place of publication, distribution, etc. Dhaka
Name of publisher, distributor, etc. আবীদ পাবলিকেশন্স
Date of publication, distribution, etc. c2008
300 ## - PHYSICAL DESCRIPTION
Extent 690p . :
Other physical details ill . ;24cm.
650 ## - SUBJECT ADDED ENTRY--TOPICAL TERM
Topical term or geographic name as entry element Accounting
9 (RLIN) 3557
650 ## - SUBJECT ADDED ENTRY--TOPICAL TERM
Topical term or geographic name as entry element Accounting
9 (RLIN) 3557
700 ## - ADDED ENTRY--PERSONAL NAME
Personal name মোং ওয়ালীউল্লাহ
9 (RLIN) 3556
856 ## - ELECTRONIC LOCATION AND ACCESS
Password 0
Logon 0
Link text Download
942 ## - ADDED ENTRY ELEMENTS (KOHA)
Source of classification or shelving scheme
Koha item type Books
Holdings
Withdrawn status Lost status Source of classification or shelving scheme Damaged status Not for loan Collection code Permanent location Current location Shelving location Date acquired Inventory number Total Checkouts Full call number Barcode Date last seen Copy number Price effective from Koha item type Date last checked out Total Renewals
        Not For Loan Non-fiction Bangladesh University of Business and Technology Library Bangladesh University of Business and Technology Library Accounting Stacks 09/28/2020 5429   336.25492/OWT BUBTL-20035429 09/28/2020 C-1 09/28/2020 Books    
          Non-fiction Bangladesh University of Business and Technology Library Bangladesh University of Business and Technology Library Accounting Stacks 09/28/2020 5430 1 336.25492/OWT BUBTL-20035430 11/23/2023 C-2 09/28/2020 Books 10/09/2023  
          Non-fiction Bangladesh University of Business and Technology Library Bangladesh University of Business and Technology Library Accounting Stacks 09/28/2020 5433 1 336.25492/OWT BUBTL-20035433 04/05/2022 C-3 09/28/2020 Books 02/28/2022 1
          Non-fiction Bangladesh University of Business and Technology Library Bangladesh University of Business and Technology Library Accounting Stacks 09/28/2020 13466   336.25492/OWT BUBTL-200313466 09/28/2020 C-4 09/28/2020 Books    

More Information About Library

Library Hours

  • Open: 9.00 am. to 9.00 pm.
  • Only Sunday: 9.00 am. to 6.00 pm.
  • Closed: Holiday

Contact to the University

Bangladesh University of Business and Technology Library

  • Mirpurl-2, 1216.
  • Phone:
  • Fax:
  • E-Mail: admin.library@bubt.edu.bd

Contact to the Library

Contact Person:

Md. Abdul Hakim Shah
Joint Librarian
PABX No:  113
Cell No: 01816332931
E-mail: official: admin.library@bubt.edu.bd
Personal: hakim.shah@bubt.edu.bd


BUBT Library

Copyright © 2021